00874nam a2200217 i 4500001001000000003000900010005001700019007000300036008004100039040003000080082002700110110007800137245008800215264010400303300002700407336002800434337003500462338003000497650006100527650006800588000031023DO-SdBNP20230926132247.0ta110610s1959 dr r 000 0 spa d aDO-SdBNPbspacBNPHUerda 4a373.27bR426p 19592222 aRepública Dominicana.bMinisterio de Educación, Bellas Artes y Cultos10aProgramas de la educación secundaria :b4to curso, ciencias físicas y naturales aCiudad Trujillo, República Dominicana :bMinisterio de Educación, Bellas Artes y Cultos,c1959. a41 páginas ;c22 cm. 2rdacontent atextobtxt 2rdamedia asin mediación bn 2rdacarrieravolumen bnc4 aEducacion secundaria xProgramaszRepública Dominicana4 aActividades estudiantiles xProgramas zRepública Dominicana